000
00473nam a2200169Ia 4500
008
090711s9999 xx 000 0 und d
082
_b
65579
100
_a
राही मासूम रजा
245
_a
महाभारत
260
_c
1990
300
_a
431
600
_a
राही मासूम रजा
630
_a
महाभारत
700
_a
राही मासूम रजा
730
_a
महाभारत
942
_c
BOOK
999
_c
283145
_d
283145